000 00583nam a2200229Ia 4500
003 OSt
005 20230424154209.0
008 210324s9999||||xx |||||||||||||| ||und||
040 _cSTCPL
041 _aENG
082 _a321.07
_bFIE-P
100 _aField, G. C.
245 0 _aPlato and his contemporaries /
_cby G. C. Field
250 _a3rd ed.
260 _aNew York :
_bMethuen & Co. ,
_c1967.
300 _a242 p.
_bPB
650 _aPolitical Science
650 _aPolitical Theories And Ideologies
650 _aPhilosophy, Ancient
942 _cBK
942 _2ddc
999 _c22872
_d22872